[Event "Ruhrgebiet Regionalliga 1819"]
[Site "Nordrheinwestfalen"]
[Date "2019.05.19"]
[Round "10.7"]
[White "Hombrecher, Kai"]
[Black "Schlange, Stefan"]
[Result "0-1"]
[WhiteElo "1772"]
[BlackElo "2070"]
[PlyCount "50"]
[EventDate "2018.09.02"]
[EventType "team-tourn"]
[EventRounds "11"]
[EventCountry "GER"]
[SourceTitle "EXT 2022"]
[Source "ChessBase"]
[SourceDate "2021.10.06"]
[SourceVersion "1"]
[SourceVersionDate "2021.10.06"]
[SourceQuality "1"]
[WhiteTeam "Oberhausen SV II"]
[BlackTeam "Wattenscheid SV II"]
[WhiteTeamCountry "GER"]
[BlackTeamCountry "GER"]

1. e4 e5 2. Nf3 Nc6 3. d4 exd4 4. Nxd4 Qh4 5. Nc3 Bb4 6. Be3 Qxe4 7. Ndb5 Qe5 8. Be2 a6 9. Nd4 Nf6 10. 0-0 d5 11. Re1 0-0 12. Bd3 Re8 13. Qd2 Bd7 14. Nxc6 Bxc6 15. Bf4 Qh5 16. Be2 Qg6 17. Bf3 Ba5 18. Bg3 Ne4 19. Bxe4 dxe4 20. Rad1 f5 21. Qf4 Qf7 22. a3 h6 23. h3 g5 24. Qc1 f4 25. Bh2 Qf5 0-1

[Event "Ruhrgebiet Regionalliga 1819"]
[Site "Nordrheinwestfalen"]
[Date "2019.01.27"]
[Round "6.5"]
[White "Schlange, Stefan"]
[Black "Linker, Walter"]
[Result "1-0"]
[WhiteElo "2070"]
[BlackElo "2015"]
[PlyCount "65"]
[EventDate "2018.09.02"]
[EventType "team-tourn"]
[EventRounds "11"]
[EventCountry "GER"]
[SourceTitle "EXT 2022"]
[Source "ChessBase"]
[SourceDate "2021.10.06"]
[SourceVersion "1"]
[SourceVersionDate "2021.10.06"]
[SourceQuality "1"]
[WhiteTeam "Wattenscheid SV II"]
[BlackTeam "Dortmund Hansa II"]
[WhiteTeamCountry "GER"]
[BlackTeamCountry "GER"]

1. e4 e5 2. f4 exf4 3. Bc4 d6 4. d4 Nf6 5. Nc3 c6 6. Bxf4 b5 7. Bd3 Be7 8. Nf3 0-0 9. 0-0 b4 10. Ne2 Ba6 11. Ng3 Bxd3 12. Qxd3 g6 13. Rf2 Ng4 14. Re2 Nd7 15. h3 Ngf6 16. Rf1 Qa5 17. Bg5 Rfe8 18. c4 bxc3 19. bxc3 Nh5 20. Nxh5 Bxg5 21. Nxg5 Qxg5 22. Ng3 Re7 23. Ref2 Rae8 24. Rf4 Qb5 25. Qf3 Qc4 26. Rf2 c5 27. Qg4 Kh8 28. Ne2 Qxa2 29. Qg5 f6 30. Qg3 a5 31. Rh4 Rxe4 32. Qxg6 R8e7 33. Rxh7+ 1-0

[Event "Ruhrgebiet Regionalliga 1819"]
[Site "Nordrheinwestfalen"]
[Date "2018.11.11"]
[Round "4.6"]
[White "Rumpf, Thomas"]
[Black "Schlange, Stefan"]
[Result "1/2-1/2"]
[WhiteElo "2014"]
[BlackElo "2070"]
[PlyCount "22"]
[EventDate "2018.09.02"]
[EventType "team-tourn"]
[EventRounds "11"]
[EventCountry "GER"]
[SourceTitle "EXT 2022"]
[Source "ChessBase"]
[SourceDate "2021.10.06"]
[SourceVersion "1"]
[SourceVersionDate "2021.10.06"]
[SourceQuality "1"]
[WhiteTeam "Kamen SV"]
[BlackTeam "Wattenscheid SV II"]
[WhiteTeamCountry "GER"]
[BlackTeamCountry "GER"]

1. e4 e5 2. Nf3 Nc6 3. Bb5 f5 4. Nc3 Nd4 5. exf5 c6 6. Nxd4 exd4 7. Qh5+ Ke7 8. Qe2+ Kf7 9. Qh5+ Ke7 10. Qe2+ Kf7 11. Qh5+ Ke7 1/2-1/2

[Event "Ruhrgebiet Regionalliga 1819"]
[Site "Nordrheinwestfalen"]
[Date "2018.10.28"]
[Round "3.6"]
[White "Schlange, Stefan"]
[Black "Kuipers, Dustin"]
[Result "1-0"]
[WhiteElo "2070"]
[BlackElo "2081"]
[PlyCount "111"]
[EventDate "2018.09.02"]
[EventType "team-tourn"]
[EventRounds "11"]
[EventCountry "GER"]
[SourceTitle "EXT 2022"]
[Source "ChessBase"]
[SourceDate "2021.10.06"]
[SourceVersion "1"]
[SourceVersionDate "2021.10.06"]
[SourceQuality "1"]
[WhiteTeam "Wattenscheid SV II"]
[BlackTeam "Muelheim Nord III"]
[WhiteTeamCountry "GER"]
[BlackTeamCountry "GER"]

1. e4 c6 2. d4 d5 3. Nc3 dxe4 4. Nxe4 Nf6 5. Nxf6+ gxf6 6. c3 h5 7. Bc4 Nd7 8. Qb3 e6 9. Ne2 Bd6 10. Bf4 Nb6 11. Bd3 Nd5 12. Bd2 a5 13. a3 a4 14. Qc2 b5 15. c4 bxc4 16. Qxc4 Qb6 17. 0-0 Kd7 18. Qc2 Ba6 19. Nc3 Qxd4 20. Bxa6 Rxa6 21. Rad1 Qc4 22. Be3 Qh4 23. g3 Qh3 24. Ne4 h4 25. Bc5 Be5 26. Bd4 Kc7 27. Ng5 Qf5 28. Qxf5 exf5 29. Nxf7 Re8 30. Rfe1 hxg3 31. hxg3 Re7 32. Nxe5 fxe5 33. Rxe5 Rxe5 34. Bxe5+ Kd7 35. Rd4 Ke6 36. Bh8 Ra8 37. Rh4 Nb6 38. Bc3 Kd5 39. Rh6 Rc8 40. Rf6 Ke4 41. Re6+ Kd3 42. Re5 Nd5 43. Rxf5 Nxc3 44. Rf3+ Kc2 45. bxc3 Kb3 46. c4+ Kxc4 47. g4 Rg8 48. Rg3 Kd4 49. g5 Ke5 50. Kf1 Kf5 51. Rf3+ Ke5 52. Rc3 Rg6 53. Rc4 Kd5 54. Rg4 c5 55. Ke2 Ke5 56. Rxa4 1-0

[Event "Ruhrgebiet Regionalliga 1819"]
[Site "Nordrheinwestfalen"]
[Date "2018.09.30"]
[Round "2.6"]
[White "Arndt, Olaf"]
[Black "Schlange, Stefan"]
[Result "0-1"]
[WhiteElo "1899"]
[BlackElo "2070"]
[PlyCount "86"]
[EventDate "2018.09.02"]
[EventType "team-tourn"]
[EventRounds "11"]
[EventCountry "GER"]
[SourceTitle "EXT 2022"]
[Source "ChessBase"]
[SourceDate "2021.10.06"]
[SourceVersion "1"]
[SourceVersionDate "2021.10.06"]
[SourceQuality "1"]
[WhiteTeam "Horst Emscher"]
[BlackTeam "Wattenscheid SV II"]
[WhiteTeamCountry "GER"]
[BlackTeamCountry "GER"]

1. e4 e5 2. Nf3 Nc6 3. Bb5 f5 4. d3 fxe4 5. dxe4 Nf6 6. Nc3 Bb4 7. Qd3 Bxc3+ 8. bxc3 d6 9. 0-0 0-0 10. Bxc6 bxc6 11. Qc4+ Kh8 12. Qxc6 Rb8 13. Bg5 Bd7 14. Qa6 Bb5 15. Qxa7 Bxf1 16. Kxf1 Rb6 17. a4 Qb8 18. Qxb8 Rfxb8 19. Nd2 Ra6 20. a5 Rb2 21. Ke2 Rxc2 22. Kd3 Rb2 23. f3 Nd7 24. Be3 Rb5 25. Nc4 Nb8 26. Kc2 Kg8 27. Rf1 Nc6 28. f4 Nxa5 29. Na3 Rb3 30. Bc1 exf4 31. Rxf4 Rb8 32. Rf5 Nc6 33. Rb5 Rab6 34. Rg5 Ne5 35. c4 Rb4 36. Kc3 Rb3+ 37. Kc2 Nd3 38. Nb5 Nxc1 39. Kxc1 Rb4 40. Kd2 Rxc4 41. Nc3 c6 42. Kd3 Rcb4 43. Ra5 Rb2 0-1

[Event "Ruhrgebiet Regionalliga 1718"]
[Site "Germany"]
[Date "2017.12.10"]
[Round "4.6"]
[White "Korste, Sebastian"]
[Black "Schlange, Stefan"]
[Result "0-1"]
[WhiteElo "1916"]
[BlackElo "2076"]
[PlyCount "72"]
[EventDate "2017.10.01"]
[EventType "team-tourn"]
[EventRounds "9"]
[EventCountry "GER"]
[SourceTitle "EXT 2022"]
[Source "ChessBase"]
[SourceDate "2021.10.06"]
[SourceVersion "1"]
[SourceVersionDate "2021.10.06"]
[SourceQuality "1"]
[WhiteTeam "Borbeck Weisse Dame"]
[BlackTeam "Wattenscheid SV II"]
[WhiteTeamCountry "GER"]
[BlackTeamCountry "GER"]

1. c4 e5 2. Nc3 Nc6 3. e3 g6 4. g3 Bg7 5. Bg2 d6 6. Nge2 Be6 7. d3 Qd7 8. Nd5 Nd8 9. h4 c6 10. Ndc3 f5 11. Rb1 Nf6 12. b3 0-0 13. Ba3 Bf7 14. b4 Nh5 15. b5 Be6 16. Bh3 Nf7 17. Qb3 Rac8 18. bxc6 bxc6 19. f4 Rfe8 20. 0-0 Qe7 21. Kg2 h6 22. d4 exf4 23. exf4 g5 24. fxg5 hxg5 25. Bxf5 gxh4 26. Bc1 Qd7 27. g4 Nf6 28. d5 Bxf5 29. gxf5 cxd5 30. cxd5 Ng4 31. Bd2 Ne3+ 32. Bxe3 Rxe3 33. Rbc1 Qe7 34. Rf3 Qg5+ 35. Kf2 Rxf3+ 36. Kxf3 Ne5+ 0-1

[Event "Ruhrgebiet Regionalliga 1718"]
[Site "Germany"]
[Date "2017.11.12"]
[Round "3.7"]
[White "Jacubowski, Andreas"]
[Black "Schlange, Stefan"]
[Result "1-0"]
[WhiteElo "1877"]
[BlackElo "2076"]
[PlyCount "179"]
[EventDate "2017.10.01"]
[EventType "team-tourn"]
[EventRounds "9"]
[EventCountry "GER"]
[SourceTitle "EXT 2022"]
[Source "ChessBase"]
[SourceDate "2021.10.06"]
[SourceVersion "1"]
[SourceVersionDate "2021.10.06"]
[SourceQuality "1"]
[WhiteTeam "Horst Emscher"]
[BlackTeam "Wattenscheid SV II"]
[WhiteTeamCountry "GER"]
[BlackTeamCountry "GER"]

1. c4 e5 2. Nc3 d6 3. g3 Be6 4. b3 Qd7 5. Bg2 Nc6 6. e3 g6 7. Nge2 Bg7 8. Bb2 Bh3 9. Bxh3 Qxh3 10. Nd5 Rc8 11. Nef4 Qd7 12. h4 Nh6 13. Qc2 f5 14. Nh3 0-0 15. 0-0-0 e4 16. d4 exd3 17. Rxd3 Bxb2+ 18. Qxb2 Qg7 19. Ng5 Qxb2+ 20. Kxb2 Ng4 21. Rd2 h6 22. Ne6 Rf7 23. Rf1 Nh2 24. Rh1 Nf3 25. Rdd1 Nce5 26. Nd4 Nxd4 27. Rxd4 Re8 28. Nc3 Ng4 29. Rd2 Kg7 30. Kc1 Re5 31. Re2 a6 32. Kd2 c6 33. f3 Nf6 34. Rg1 b5 35. Kd3 Rfe7 36. Rge1 Nd7 37. e4 b4 38. Nd1 Nc5+ 39. Kd4 a5 40. Nf2 Ne6+ 41. Kd3 Nc5+ 42. Kd4 fxe4 43. fxe4 a4 44. Re3 axb3 45. axb3 Ra7 46. Ng4 Ne6+ 47. Kd3 Rea5 48. e5 d5 49. Nf6 d4 50. Rf3 Ra8 51. Ref1 Nc5+ 52. Kxd4 Rd8+ 53. Ke3 Ra2 54. Ne4 Rd3+ 55. Kf4 Rd4 56. Re1 Nd3+ 57. Rxd3 Rxd3 58. e6 Rd8 59. Ke5 Ra5+ 60. c5 Rd5+ 61. Kf4 Ra8 62. Nd6 Rf8+ 63. Kg4 h5+ 64. Kh3 Rxc5 65. e7 Rc3 66. exf8Q+ Kxf8 67. Re8+ Kg7 68. Rc8 Rxb3 69. Rxc6 Rb1 70. Ne4 Re1 71. Rc7+ Kf8 72. Nc5 Kg8 73. Rb7 Rb1 74. Kg2 Kh8 75. Nd3 b3 76. Nc5 b2 77. Nd3 Rd1 78. Nxb2 Rd4 79. Kf3 Rg4 80. Nd3 Ra4 81. Ne5 Kg8 82. Rb6 g5 83. Rg6+ Kh7 84. Rxg5 Kh6 85. Nd3 Ra3 86. Rd5 Kg6 87. Ke4 Ra4+ 88. Rd4 Rxd4+ 89. Kxd4 Kf5 90. Nf2 1-0

[Event "Ruhrgebiet Regionalliga 1617"]
[Site "Germany"]
[Date "2017.02.26"]
[Round "7.4"]
[White "Rueberg, Jobst"]
[Black "Schlange, Stefan"]
[Result "0-1"]
[WhiteElo "2015"]
[BlackElo "2070"]
[PlyCount "100"]
[EventDate "2016.09.11"]
[EventType "team-tourn"]
[EventRounds "9"]
[EventCountry "GER"]
[SourceTitle "EXT 2022"]
[Source "ChessBase"]
[SourceDate "2021.10.06"]
[SourceVersion "1"]
[SourceVersionDate "2021.10.06"]
[SourceQuality "1"]
[WhiteTeam "Ahlen SV"]
[BlackTeam "Wattenscheid SV II"]
[WhiteTeamCountry "GER"]
[BlackTeamCountry "GER"]

1. e4 e5 2. Nf3 Nc6 3. Bc4 Nf6 4. d3 Bc5 5. c3 d6 6. a4 a5 7. Na3 0-0 8. Bg5 Ne7 9. Bb3 Ng6 10. 0-0 h6 11. Be3 Bg4 12. h3 Bh5 13. Nc4 Nh4 14. Ncd2 c6 15. g3 Nxf3+ 16. Nxf3 Bxe3 17. fxe3 Qb6 18. Kf2 d5 19. Qc2 dxe4 20. dxe4 Bg6 21. Nd2 Rad8 22. Nc4 Qc5 23. Qe2 Bxe4 24. Rfd1 Bd5 25. Kg1 Ne4 26. Kh2 Rfe8 27. Ba2 Ra8 28. Nd2 Nxd2 29. Rxd2 Bxa2 30. Rxa2 Rad8 31. Ra1 Rxd2 32. Qxd2 e4 33. Rd1 Re6 34. b4 axb4 35. cxb4 Qe5 36. a5 Rg6 37. Qg2 Rf6 38. Rd8+ Kh7 39. Rd4 Rf3 40. Rd7 Qf5 41. Rd2 Rxe3 42. Rc2 Rf3 43. Qg1 e3 44. Rg2 Qd3 45. Qe1 Rf1 46. Qe2 Qd1 47. Qc2+ Qxc2 48. Rxc2 Rd1 49. Rg2 Rd2 50. Kg1 e2 0-1

[Event "Ruhrgebiet Regionalliga 1516"]
[Site "Germany"]
[Date "2016.05.01"]
[Round "9.2"]
[White "Steinmetzer, Thomas"]
[Black "Schlange, Stefan"]
[Result "1-0"]
[WhiteElo "2161"]
[BlackElo "2166"]
[PlyCount "95"]
[EventDate "2015.09.13"]
[EventType "team-tourn"]
[EventRounds "9"]
[EventCountry "GER"]
[SourceTitle "EXT 2022"]
[Source "ChessBase"]
[SourceDate "2021.10.06"]
[SourceVersion "1"]
[SourceVersionDate "2021.10.06"]
[SourceQuality "1"]
[WhiteTeam "Brackel SF"]
[BlackTeam "Wattenscheid SV II"]
[WhiteTeamCountry "GER"]
[BlackTeamCountry "GE2"]

1. e4 e5 2. Nf3 Nc6 3. Bc4 Nf6 4. Qe2 Bc5 5. c3 0-0 6. b4 Bb6 7. a4 a6 8. 0-0 d6 9. h3 Nh5 10. Kh2 Nf4 11. Qd1 Be6 12. Na3 Qf6 13. d3 Qh6 14. Ng1 g5 15. Be3 d5 16. exd5 Nxd5 17. Bxd5 Bxd5 18. c4 Be6 19. c5 Ba7 20. Nf3 f6 21. Nc2 Rad8 22. b5 Ne7 23. Qe2 c6 24. Nd2 f5 25. f3 Nd5 26. Nc4 Bb8 27. Kg1 Nxe3 28. Qxe3 axb5 29. axb5 cxb5 30. Nxe5 Bxe5 31. Qxe5 Rxd3 32. Nd4 Qf6 33. Qxe6+ Qxe6 34. Nxe6 Re8 35. Rfe1 Rd5 36. Nxg5 Rxe1+ 37. Rxe1 Rxc5 38. Re8+ Kg7 39. Ne6+ Kf7 40. Nxc5 Kxe8 41. Kf2 Ke7 42. Ke3 Kd6 43. Kd4 b6 44. Nd3 Ke6 45. f4 h5 46. h4 Kd6 47. Nb4 Ke6 48. Nd5 1-0

[Event "Ruhrgebiet Regionalliga 1516"]
[Site "Germany"]
[Date "2016.03.13"]
[Round "7.2"]
[White "Frohne, Gerd"]
[Black "Schlange, Stefan"]
[Result "1/2-1/2"]
[WhiteElo "2086"]
[BlackElo "2095"]
[PlyCount "90"]
[EventDate "2015.09.13"]
[EventType "team-tourn"]
[EventRounds "9"]
[EventCountry "GER"]
[SourceTitle "EXT 2022"]
[Source "ChessBase"]
[SourceDate "2021.10.06"]
[SourceVersion "1"]
[SourceVersionDate "2021.10.06"]
[SourceQuality "1"]
[WhiteTeam "Gladbeck SG"]
[BlackTeam "Wattenscheid SV II"]
[WhiteTeamCountry "GER"]
[BlackTeamCountry "GE2"]

1. d4 d5 2. c4 c6 3. cxd5 cxd5 4. Bf4 Qb6 5. Nc3 Nf6 6. Nf3 Nc6 7. e3 Qxb2 8. Rc1 e5 9. Bxe5 Bb4 10. Qd2 Qxd2+ 11. Nxd2 Nxe5 12. dxe5 Ne4 13. Ncxe4 dxe4 14. Bb5+ Bd7 15. Bxd7+ Kxd7 16. Ke2 Bxd2 17. Rhd1 Rac8 18. Rxd2+ Ke7 19. Rdc2 Rxc2+ 20. Rxc2 Rd8 21. Rc4 Rd3 22. a4 Rb3 23. Rxe4 Rb2+ 24. Kf3 Ke6 25. h4 a5 26. Rc4 b6 27. Ke4 Rxf2 28. Rc6+ Kd7 29. Rxb6 Rxg2 30. Ra6 g5 31. hxg5 Rxg5 32. Rxa5 Rg1 33. Ra7+ Ke6 34. Ra6+ Ke7 35. a5 h5 36. Rh6 Ra1 37. a6 h4 38. Kf3 h3 39. Kg3 Ra3 40. Kh2 Rxe3 41. Rxh3 Re2+ 42. Kg1 Rxe5 43. Ra3 Rg5+ 44. Kf2 Rg8 45. a7 Ra8 1/2-1/2

[Event "Ruhrgebiet Regionalliga 1516"]
[Site "Germany"]
[Date "2016.02.07"]
[Round "6.2"]
[White "Schlange, Stefan"]
[Black "Dewenter, Ulf"]
[Result "0-1"]
[WhiteElo "2095"]
[BlackElo "2134"]
[PlyCount "126"]
[EventDate "2015.09.13"]
[EventType "team-tourn"]
[EventRounds "9"]
[EventCountry "GER"]
[SourceTitle "EXT 2022"]
[Source "ChessBase"]
[SourceDate "2021.10.06"]
[SourceVersion "1"]
[SourceVersionDate "2021.10.06"]
[SourceQuality "1"]
[WhiteTeam "Wattenscheid SV II"]
[BlackTeam "Borbeck Weisse Dame"]
[WhiteTeamCountry "GE2"]
[BlackTeamCountry "GER"]

1. e4 e6 2. d4 d5 3. Nc3 Nc6 4. e5 f6 5. exf6 Nxf6 6. f4 Bd6 7. Nf3 0-0 8. Be2 Bd7 9. 0-0 a6 10. Ne5 Ne7 11. Be3 Rc8 12. Bf3 c5 13. Ne2 c4 14. c3 b5 15. g4 Be8 16. Ng3 b4 17. Rf2 Bg6 18. h4 Ne4 19. Nxe4 dxe4 20. h5 exf3 21. hxg6 hxg6 22. Qxf3 bxc3 23. bxc3 Bxe5 24. dxe5 Qd5 25. Bd4 Qxf3 26. Rxf3 g5 27. Raf1 gxf4 28. Rxf4 Rxf4 29. Rxf4 Nd5 30. Re4 Kf7 31. Kf2 Kg6 32. Kg3 Kg5 33. Be3+ Nxe3 34. Rxe3 Rd8 35. Kf3 Rf8+ 36. Ke2 Kxg4 37. Kd2 Rf2+ 38. Ke1 Rxa2 39. Re4+ Kf5 40. Rxc4 Kxe5 41. Rc8 g5 42. c4 g4 43. c5 g3 44. Kf1 Rc2 45. Ra8 Rxc5 46. Rxa6 Rc2 47. Ra3 Kf4 48. Ra4+ Kf5 49. Ra3 Kg4 50. Ra8 e5 51. Rg8+ Kf3 52. Rf8+ Ke3 53. Rg8 g2+ 54. Kg1 e4 55. Rg7 Kf3 56. Rf7+ Ke2 57. Kxg2 e3 58. Kg3 Ke1 59. Ra7 Rc1 60. Ra2 e2 61. Kf3 Rc3+ 62. Kg2 Kd1 63. Ra1+ Rc1 0-1

[Event "Ruhrgebiet Regionalliga 1415"]
[Site "Germany"]
[Date "2015.01.25"]
[Round "5.3"]
[White "Schlange, Stefan"]
[Black "Khasin, Abram Iosifovich"]
[Result "1-0"]
[WhiteElo "2078"]
[BlackElo "2134"]
[PlyCount "59"]
[EventDate "2014.09.28"]
[EventType "team-tourn"]
[EventRounds "9"]
[EventCountry "GER"]
[SourceTitle "EXT 2022"]
[Source "ChessBase"]
[SourceDate "2021.10.06"]
[SourceVersion "1"]
[SourceVersionDate "2021.10.06"]
[SourceQuality "1"]
[WhiteTeam "Wattenscheid SV II"]
[BlackTeam "Holsterhausen SK"]
[WhiteTeamCountry "GER"]
[BlackTeamCountry "GER"]

1. e4 e6 2. d4 d5 3. Nc3 Bb4 4. e5 c5 5. a3 Bxc3+ 6. bxc3 Nc6 7. Qg4 g6 8. Nf3 Qa5 9. Bd2 Qa4 10. Ra2 Bd7 11. Qf4 cxd4 12. cxd4 Rc8 13. Bd3 Nd8 14. 0-0 Bb5 15. Bxb5+ Qxb5 16. h4 h6 17. a4 Qd7 18. Rb1 Rc4 19. a5 Qc7 20. Bb4 Rxc2 21. Bd6 Qc4 22. Rxc2 Qxc2 23. Rc1 Qa4 24. Rc8 g5 25. Nxg5 hxg5 26. Qxg5 Qxa5 27. Bc7 Qe1+ 28. Kh2 f6 29. Rxd8+ Kf7 30. exf6 1-0

[Event "Ruhrgebiet Regionalliga 1415"]
[Site "Germany"]
[Date "2014.12.21"]
[Round "4.4"]
[White "Schlange, Stefan"]
[Black "Boehm, Juergen1111"]
[Result "1/2-1/2"]
[WhiteElo "2078"]
[BlackElo "2170"]
[PlyCount "37"]
[EventDate "2014.09.28"]
[EventType "team-tourn"]
[EventRounds "9"]
[EventCountry "GER"]
[SourceTitle "EXT 2022"]
[Source "ChessBase"]
[SourceDate "2021.10.06"]
[SourceVersion "1"]
[SourceVersionDate "2021.10.06"]
[SourceQuality "1"]
[WhiteTeam "Wattenscheid SV II"]
[BlackTeam "Brackel SF"]
[WhiteTeamCountry "GER"]
[BlackTeamCountry "GER"]

1. e4 e6 2. d4 d5 3. Nc3 Bb4 4. e5 c5 5. a3 Bxc3+ 6. bxc3 Qa5 7. Bd2 Qa4 8. Qg4 Kf8 9. Qd1 Nc6 10. Nf3 c4 11. Be2 Bd7 12. 0-0 h6 13. Nh4 Ke8 14. g3 Kd8 15. Ng2 Kc7 16. Ne3 Rf8 17. Bf3 Kb8 18. Bg2 Qa5 19. a4 1/2-1/2

[Event "Ruhrgebiet Regionalliga 1314"]
[Site "Ruhrgebiet"]
[Date "2014.05.04"]
[Round "9.3"]
[White "Kuipers, Dustin"]
[Black "Schlange, Stefan"]
[Result "1/2-1/2"]
[WhiteElo "2021"]
[BlackElo "2070"]
[PlyCount "32"]
[EventDate "2013.09.22"]
[EventType "team-tourn"]
[EventRounds "9"]
[EventCountry "GER"]
[SourceTitle "EXT 2024"]
[Source "ChessBase"]
[SourceDate "2023.10.10"]
[SourceVersion "1"]
[SourceVersionDate "2023.10.10"]
[SourceQuality "1"]
[WhiteTeam "Muelheim Nord III"]
[BlackTeam "Wattenscheid III"]
[WhiteTeamCountry "GER"]
[BlackTeamCountry "GER"]

1. Nf3 d6 2. d4 Nf6 3. g3 g6 4. b3 Bg7 5. Bb2 0-0 6. Bg2 c5 7. 0-0 Qc7 8. c4 cxd4 9. Nxd4 Nc6 10. Nc3 Bd7 11. e4 Qb6 12. Nde2 Ne5 13. Qd2 Bh3 14. Na4 Qc6 15. Nd4 Qc8 16. Rfe1 Bxg2 1/2-1/2

[Event "Ruhrgebiet Regionalliga 1314"]
[Site "Ruhrgebiet"]
[Date "2014.03.23"]
[Round "8.2"]
[White "Schriewer, Thomas"]
[Black "Schlange, Stefan"]
[Result "1/2-1/2"]
[WhiteElo "2016"]
[BlackElo "2070"]
[PlyCount "80"]
[EventDate "2013.09.22"]
[EventType "team-tourn"]
[EventRounds "9"]
[EventCountry "GER"]
[SourceTitle "EXT 2024"]
[Source "ChessBase"]
[SourceDate "2023.10.10"]
[SourceVersion "1"]
[SourceVersionDate "2023.10.10"]
[SourceQuality "1"]
[WhiteTeam "Herne Sodingen II"]
[BlackTeam "Wattenscheid III"]
[WhiteTeamCountry "GER"]
[BlackTeamCountry "GER"]

1. d4 d5 2. c4 e6 3. Nc3 Nf6 4. cxd5 exd5 5. Bg5 Be7 6. Qc2 0-0 7. e3 Nbd7 8. Bd3 c5 9. Nf3 cxd4 10. exd4 Re8 11. 0-0 Nf8 12. Rfe1 Be6 13. Qb3 Rb8 14. Bb5 N8d7 15. Ne5 a6 16. Bxf6 Bxf6 17. Nxd7 Bxd7 18. Rxe8+ Bxe8 19. Bxe8 Qxe8 20. Rd1 Bxd4 21. Qxd5 Bxc3 22. bxc3 h6 23. h3 Qe7 24. Qf5 Rd8 25. Rxd8+ Qxd8 26. Qe5 Qd7 27. c4 f6 28. Qe4 Kf7 29. c5 Qc6 30. Qc4+ Qe6 31. Qb4 Qd5 32. Qb6 Qc6 33. Qb3+ Kf8 34. Qe3 Qe8 35. Qd4 Qe1+ 36. Kh2 Qe7 37. g3 Ke8 38. Qd5 Qf7 39. Qe4+ Kf8 40. a4 Qc7 1/2-1/2

[Event "Ruhrgebiet Regionalliga 1314"]
[Site "Ruhrgebiet"]
[Date "2013.12.01"]
[Round "4.3"]
[White "Schlange, Stefan"]
[Black "Pruess, Wilfried"]
[Result "1/2-1/2"]
[WhiteElo "2070"]
[BlackElo "2115"]
[PlyCount "135"]
[EventDate "2013.09.22"]
[EventType "team-tourn"]
[EventRounds "9"]
[EventCountry "GER"]
[SourceTitle "EXT 2024"]
[Source "ChessBase"]
[SourceDate "2023.10.10"]
[SourceVersion "1"]
[SourceVersionDate "2023.10.10"]
[SourceQuality "1"]
[WhiteTeam "Wattenscheid III"]
[BlackTeam "Koenigsspringer Hamm"]
[WhiteTeamCountry "GER"]
[BlackTeamCountry "GER"]

1. e4 g6 2. d4 Bg7 3. Nc3 d6 4. f4 Nf6 5. e5 dxe5 6. dxe5 Qxd1+ 7. Kxd1 Ng4 8. Nd5 Kd8 9. Ke1 c6 10. Ne3 h5 11. Bc4 Ke8 12. Nf3 Bh6 13. h3 Nxe3 14. Bxe3 Bf5 15. Nd4 e6 16. Kf2 Nd7 17. Kf3 h4 18. Bb3 Bf8 19. Rhd1 Nc5 20. Nxf5 gxf5 21. c3 Be7 22. Bc2 Rg8 23. Bf2 Ne4 24. Be1 Rd8 25. b4 Nxc3 26. Rxd8+ Kxd8 27. g4 fxg4+ 28. hxg4 Nd5 29. a3 Rh8 30. g5 h3 31. Bg3 a5 32. bxa5 h2 33. Rh1 Bxa3 34. Bd3 Bc5 35. Rxh2 Rxh2 36. Bxh2 Bb4 37. a6 bxa6 38. Bxa6 Bd2 39. Bc4 Ke7 40. Bg3 Bc1 41. Ke4 Nc3+ 42. Kf3 Nd5 43. Bd3 Kd7 44. Kg4 Bd2 45. g6 fxg6 46. Bxg6 Ne3+ 47. Kf3 Nf5 48. Bf2 Bc1 49. Ke4 Ne7 50. Bh7 Bd2 51. Bc5 Be1 52. Kf3 Bd2 53. Be4 Nf5 54. Kg4 Ne3+ 55. Kh5 Nf5 56. Kg5 Ne3 57. Kf6 Ng4+ 58. Kg5 Nxe5 59. Bd4 Nc4 60. Kf6 Bxf4 61. Bxc6+ Kd6 62. Bb5 Be5+ 63. Kg5 Na3 64. Bxe5+ Kxe5 65. Bd3 Kd4 66. Kf6 e5 67. Ke6 Kxd3 68. Kxe5 1/2-1/2

[Event "Ruhrgebiet Regionalliga 1213"]
[Site "Nordrheinwestfalen"]
[Date "2013.03.17"]
[Round "7.2"]
[White "Schlange, Stefan"]
[Black "Mecklenburg, Roland"]
[Result "1/2-1/2"]
[WhiteElo "2099"]
[BlackElo "2010"]
[PlyCount "119"]
[EventDate "2012.09.09"]
[EventType "team-tourn"]
[EventRounds "9"]
[EventCountry "GER"]
[SourceTitle "EXT 2020"]
[Source "ChessBase"]
[SourceDate "2019.10.17"]
[SourceVersion "1"]
[SourceVersionDate "2019.10.17"]
[SourceQuality "1"]
[WhiteTeam "Wattenscheid SV III"]
[BlackTeam "Recklinghausen Laeufer Ost"]
[WhiteTeamCountry "GER"]
[BlackTeamCountry "GER"]

1. e4 c6 2. d4 d5 3. Nc3 dxe4 4. Nxe4 Nf6 5. Nxf6+ gxf6 6. c3 Bf5 7. Nf3 e6 8. g3 Nd7 9. Bg2 Bd6 10. Nh4 Bg6 11. 0-0 Qb6 12. f4 f5 13. Be3 Be7 14. Nf3 Bh5 15. Qd3 Bxf3 16. Bxf3 Qc7 17. c4 Nb6 18. a4 Rd8 19. a5 Nc8 20. Qb3 Nd6 21. d5 exd5 22. cxd5 Ne4 23. dxc6 bxc6 24. Qc2 0-0 25. g4 Bb4 26. gxf5 Nd2 27. Rf2 Nxf3+ 28. Rxf3 Bxa5 29. f6 Kh8 30. Kh1 Rg8 31. Rh3 Rg6 32. f5 Rg4 33. Qe2 Rdg8 34. Bh6 Bb6 35. Bg7+ R4xg7 36. fxg7+ Rxg7 37. Qf3 Qe5 38. Rb1 Bd4 39. b3 Rg5 40. Rf1 Kg7 41. Rg3 h6 42. Rxg5+ hxg5 43. Qxc6 Qe3 44. Qf3 Kf6 45. Qxe3 Bxe3 46. Kg2 g4 47. h3 gxh3+ 48. Kxh3 Kg5 49. Rf3 Bf4 50. Rd3 Kxf5 51. Rd7 Be3 52. Rxf7+ Ke4 53. Kg2 Kd3 54. Kf1 Kc2 55. Ke2 Bd4 56. Rd7 Bb6 57. Rd3 Ba5 58. Rd5 Bb4 59. Rd7 a5 60. Rc7+ 1/2-1/2

[Event "Ruhrgebiet Regionalliga 1213"]
[Site "Nordrheinwestfalen"]
[Date "2012.10.14"]
[Round "2.2"]
[White "Schlange, Stefan"]
[Black "Torres Kuckel, Rafael"]
[Result "0-1"]
[WhiteElo "2099"]
[BlackElo "2193"]
[PlyCount "82"]
[EventDate "2012.09.09"]
[EventType "team-tourn"]
[EventRounds "9"]
[EventCountry "GER"]
[SourceTitle "EXT 2020"]
[Source "ChessBase"]
[SourceDate "2019.10.17"]
[SourceVersion "1"]
[SourceVersionDate "2019.10.17"]
[SourceQuality "1"]
[WhiteTeam "Wattenscheid SV III"]
[BlackTeam "Ahlen SV"]
[WhiteTeamCountry "GER"]
[BlackTeamCountry "GER"]

1. e4 e5 2. f4 exf4 3. Nf3 Ne7 4. d4 Ng6 5. Bc4 Be7 6. 0-0 0-0 7. Nc3 d6 8. Ne2 Be6 9. d5 Bg4 10. Nxf4 Nxf4 11. Bxf4 Nd7 12. Be2 Bxf3 13. gxf3 Bg5 14. Bg3 Qf6 15. c3 Bf4 16. Bxf4 Qxf4 17. Qc1 Qh4 18. Bd3 Ne5 19. Bc2 Rae8 20. Qe1 Qh6 21. Qg3 Nc4 22. Rfe1 Re7 23. f4 Rfe8 24. Re2 Nb6 25. Rae1 Nxd5 26. Rf1 Nf6 27. e5 Nh5 28. Qf3 c6 29. exd6 Rxe2 30. d7 R2e7 31. dxe8Q+ Rxe8 32. Rf2 Re1+ 33. Kg2 Nf6 34. Rd2 g6 35. Qf2 Re8 36. Qd4 Ng4 37. h3 Ne3+ 38. Kg1 Qxh3 39. Bb3 Qg3+ 40. Kh1 Qe1+ 41. Kh2 Qxd2+ 0-1